000 01396nam a2200277Ia 4500
008 191128s9999 xx 000 0 und d
020 _a9789588280172
082 _a328 .31
082 _b P32
100 _aVela Obregozo, Bernardo, autor
245 0 _aLas relaciones internacionales de Colombia en el siglo XXI /
245 0 _cBernardo Vela Obregozo, Leonardo Carvajal y Martha Ardila Ardila [y otros]
250 _aPrimera edición
260 _aManizales
260 _bUniversidad Nacional de Colombia
260 _c2008
300 _a89 páginas
300 _c 22 cm
440 _aDocumentos de política pública, piensa Colombia : los aportes de la academia
500 _aBibliografía: páginas 84-89
505 _aDebilidades de la política exterior : fragmentación, bilateralismo y clientelización -- Retos y potencialidades -- Hitos para la construcción de una política exterior colombiana para el siglo XXI
520 _aComo parte de un esfuerzo para acercar a los mejores centros de investigación académica que estudian las principales problemáticas de nuestro país a los foros políticos, el Congreso de la República ha formulado el Proyecto Piensa Colombia.
546 _aspa
650 _aViolencia -- Colombia Víctimas de la violencia Desarrollo económico Narcotráfico--
799 _aCarvajal, Leonardo, autor ; Ardila, Martha Ardila, autora
999 _c5276
_d5276